Študenti a daň zo závislej činnosti

Základné pravidlá zdaňovania príjmov študentov - brigádnikov. Príjem zo závislej činnosti. Študent ako vyživovacia osoba. Zdaňovanie iných príjmov. Praktické príklady.

Salvato in:
Dettagli Bibliografici
Autore principale: Piršelová, Dagmar
Natura: Capitolo di libro
Lingua:slovacco
Soggetti:
Tags: Aggiungi Tag
Nessun Tag, puoi essere il primo ad aggiungerne!!

MARC

LEADER 00000naa a2200000 4500
001 r038792
005 20231003081221.5
041 0 |a slo 
044 |a SK 
245 1 0 |a Študenti a daň zo závislej činnosti  |c Dagmar Piršelová 
520 |a Základné pravidlá zdaňovania príjmov študentov - brigádnikov. Príjem zo závislej činnosti. Študent ako vyživovacia osoba. Zdaňovanie iných príjmov. Praktické príklady. 
610 2 0 |a dane z príjmov 
610 2 0 |a zdaňovanie 
610 2 0 |a študenti 
610 2 0 |a príjmy vedľajšie 
610 2 0 |a osoby fyzické 
610 2 0 |a Slovensko 
100 1 |a Piršelová, Dagmar